000 00929nas a2200313 4500
001 BR0807965
003 BR-BrBNA
005 20231205112813.0
007 ta
008 230509b bl.|||p| |||| 00| 00por d
040 _aBR-BrBNA
_bpor
_cBiblioteca Nacional de Agricultura
041 _a(Pt)
072 _aP34; H60
100 1 _aColla, L.M.
100 1 _aPrimaz, A.L.
100 1 _aLima, M. de
100 1 _aBertolin, T.E.
100 1 _aCosta, J.A.V.
245 1 _aIsolamento e seleção de fungos para biorremediação a partir de solo contaminado com herbicidas triazínicos
650 _aHERBICIDA
650 _aSOLO
650 _aCONTAMINAÇÃO
650 _aFUNGO
650 _aISOLAMENTO
650 _aMICRORGANISMO
773 0 _tCiência e Agrotecnologia (Brazil)
_xISSN 1413-7054
_g(May-Jun 2008), v. 32(3) p. 809-813
_wBR0807965
909 _a202311
_bLúcia
_c55
_dLúcia Elande
942 _2AGRIS
_n0
_cANA
999 _c200079
_d200079